00383nam a2200169Ia 4500003000400000005001700004008004100021020001400062040000700076041000800083082002200091100001700113245002000130260003500150300001500185365001300200OSt20230413091721.0210423s1999 xx 000 0 und d a746309104 cAL aeng a822.33223b GAYP aGAY (Penny). aAs you like it. aUKbNew American Libraryc1999 aix,107bPB b250cINR